000 00947nam a2200253 a 4500
001 000026138
005 20200930024333.0
008 110302s1980 mx a r 000 0 spa d
020 _a9682601797
040 _aDO-SdBNP
_bspa
_cBNPHU
041 1 7 _aspa
_heng
_2Código de idiomas MARC
082 _ann*
_bnn*
100 1 _aSiegel, Laurence.
_953111
240 1 0 _aPsychology in industrial organizations.
_lEspañol
245 1 0 _aPsicología en las organizaciones industriales /
_cLaurence Siegel y Irving M. Lane ; traducción de Alfonso Vasseur Walls.
260 _aMéxico, D. F. :
_bCompañía Editorial Continental,
_c1980.
300 _a594 p. :
_bil. ;
_c23 cm.
500 _aIncluye índice alfabético.
504 _aBibliografía : [567]-583 p.
534 _aTítulo original en inglés :
_tPsychology in industrial organizations
700 1 _aLane, Irving M.
_953112
700 1 _aVasseur Walls, Alfonso,
_etr.
_943684
049 _aBNGR
999 _c25630
_d25630